| 000 | 01355cam a2200385 4500 | ||
|---|---|---|---|
| 001 | 22184 | ||
| 003 | VRT | ||
| 005 | 20260321120740.0 | ||
| 008 | 191211s2019 xo gr 000 f slo | ||
| 015 | _aSNBA2022/12 | ||
| 020 |
_a9788055169736 _q(viazané) |
||
| 039 | 9 |
_a202212210806 _bmsnk24 _c202208151216 _dAUTHORITY _c202208151200 _dAUTHORITY _c202001080952 _dmsnk03 |
|
| 040 |
_aSKPK _bslo _cSKPK _dSNK _erda |
||
| 041 | 1 |
_aslo _heng |
|
| 044 |
_axo _cSK |
||
| 072 | 7 |
_a821.111(73)-3 _xAmerická próza _2konspekt |
|
| 080 |
_a821.111(73)-31 _22011 |
||
| 100 | 1 |
_aSteel, Danielle, _d1947- _4aut |
|
| 240 | 1 | 0 |
_aFairytale _lSlovensky |
| 245 | 1 | 0 |
_aAko v rozprávke _cDanielle Steel ; preložila Zuzana Gašparovičová |
| 264 | 1 |
_aBratislava _bIkar _c2019 |
|
| 300 |
_a235 strán _c21 cm |
||
| 336 |
_atext _btxt _2rdacontent |
||
| 337 |
_abez média _bn _2rdamedia |
||
| 338 |
_azväzok _bnc _2rdacarrier |
||
| 500 | _aPreložené z angličtiny | ||
| 655 | 7 |
_aamerické romány _2SNKPH |
|
| 700 | 1 |
_aGašparovičová, Zuzana _4trl |
|
| 942 |
_2ddc _cKLDO _n0 |
||
| 949 |
_6273K0652555 _asvkpoA 244430 _bsvkpo643117 |
||
| 949 |
_6270001000640671 _asvkbbA 159724 _bsvkbbm 788257 |
||
| 949 |
_617A1413216 _asnkSC 187319 _bsnk2020/158 _o2656/19 |
||
| 949 |
_617A1413217 _asnkSC 187319 D1 _bsnk2020/159 _o2656/19 |
||
| 949 |
_62889353641 _asavukPV 29506 _bsavuk2020/99 |
||
| 999 |
_c22184 _d22184 |
||